000 00720nam a2200289Ia 4500
005 20260324140001.0
008 008 260324s9999 xx 000 0 eng d
020 _a9780203749227
037 _aEBOOK
040 _aCRL
040 _beng
040 _cCRL
041 _2eng
041 _aeng
084 _qCRL
100 _aJ.S. Griffiths
_91202675
245 0 _aLandslides
245 0 _bProceedings of the 9th international conference and field trip, Bristol, 16 September 1999
260 _bTaylor and Francis
260 _c1999
365 _a
365 _b465
856 _uhttp://www.taylorfrancis.com/books/9780203749227
942 _cEBOOK
999 _c1804272
_d1804272